The situation of Fair Trade in Hungary

Bibliográfiai részletek
Szerző: Karsai Bence
További közreműködők: Németh Patrícia
Dokumentumtípus: Diplomadolgozat
Kulcsszavak:Fair Trade
méltányos kereskedelem
Online Access:http://dolgozattar.uni-bge.hu/4310

MARC

LEADER 00000nta a2200000 i 4500
001 dolg4310
005 20160407130330.0
008 151209suuuu hu om 000 eng d
040 |a BGE Dolgozattár Repozitórium  |b hun 
041 |a en 
100 1 |a Karsai Bence 
245 1 4 |a The situation of Fair Trade in Hungary  |c Karsai Bence  |h [elektronikus dokumentum] 
246 1 1 |a A méltányos kereskedelem helyzete Magyarországon 
695 |a Fair Trade 
695 |a méltányos kereskedelem 
700 1 |a Németh Patrícia  |e ths 
856 4 0 |u http://dolgozattar.uni-bge.hu/4310/1/Szakdolgozat%20-%20Karsai%20Bence_2015.pdf  |z Dokumentum-elérés